Čachtice. 35-143 /

Korporativní autor: Slovenský úrad geodézie a kartografie
Další autoři: Slovenská kartografia
Jazyk: Slovenština
Vydáno: [Bratislava] : Slovenský úrad geodézie a kartografie, 1989
Vydání: 1. vydanie
Edice: Základná mapa ČSSR 1:25 000 ; 35-143, 1989
Témata:
Externí odkaz: Digitalizovaný dokument
Fyzický popis: 1 mapa : barevná ; 38 x 49 cm, na listu 47 x 63 cm
Mapy
Uloženo v:
LEADER 02407nem a2200529 i 4500
001 001943935
003 CZ BrMZK
005 20250808120916.0
007 aj|canzn
008 250808s1989 xo a 0 slo
034 1 |a a  |b 25000  |d E0174000  |e E0175001  |f N0484609  |g N0484101 
040 |a BOA001  |b cze  |e rda 
043 |a e-xo--- 
072 7 |a 528  |x Geodezie. Kartografie  |2 Konspekt  |9 7 
072 7 |a 912  |x Mapy. Atlasy. Glóby  |2 Konspekt  |9 7 
080 |a 911.2:528.42  |2 MRF 
080 |a 913(437.6)  |2 MRF 
080 |a (437.6)  |2 MRF 
080 |a (084.3)528.42  |2 MRF 
110 2 |a Slovenský úrad geodézie a kartografie  |7 ko2008435906  |4 aut  |4 pbl 
245 1 0 |a Čachtice.  |p 35-143 /  |c vydal Slovenský úrad geodézie a kartografie ; spracovala a vytlačila Slovenská kartografia, n.p., Bratislava 
246 3 0 |a 35-143 
250 |a 1. vydanie 
255 |a Měřítko 1:25 000  |c (E 17°40'00"--E 17°50'01"/N 48°46'09"--N 48°41'01") 
264 1 |a [Bratislava] :  |b Slovenský úrad geodézie a kartografie,  |c 1989 
300 |a 1 mapa :  |b barevná ;  |c 38 x 49 cm, na listu 47 x 63 cm 
336 |a kartografický obraz  |b cri  |2 rdacontent 
337 |a bez média  |b n  |2 rdamedia 
338 |a list  |b nb  |2 rdacarrier 
490 1 |a Základná mapa ČSSR 1:25 000 ;  |v 35-143, 1989 
500 |a Čtyřbarevný otisk 
500 |a Další údaje o vydání: tlač v r. 1989, klad listov 1:10 000 a administratívne hranice v mimorámových údajích 
521 8 |a Pre vnútornú potrebu štátnych orgánov a socialistických organizácií 
500 |a Dostupné též v digitální podobě v aplikaci Kramerius 
650 7 |a topografie  |7 ph126691  |z Slovensko  |2 czenas 
650 0 9 |a topography  |z Slovakia  |2 eczenas 
651 7 |a Čachtice (Slovensko : oblast)  |7 ge1269774  |2 czenas 
651 9 |a Čachtice Region (Slovakia)  |2 eczenas 
655 7 |a topografické mapy  |7 fd809173  |2 czenas 
655 9 |a topographic maps  |2 eczenas 
710 2 |a Slovenská kartografia  |7 ko2003206561  |4 ctg  |4 prt 
830 0 |a Základná mapa ČSSR 1:25 000 ;  |v 35-143, 1989 
856 4 1 |u http://www.digitalniknihovna.cz/mzk/uuid/uuid:f63b70d0-7f2a-11f0-b426-0050568d319f  |y Digitalizovaný dokument  |x NDK 
910 |a BOA001  |b Mpa-1534.975,35-143-89 
990 |a MP 
991 |b 202508 
996 6 |b 2611010579  |c Mpa-1534.975,35-143-89  |l MZK  |r Sklad / do 24 hodin  |n 0  |p dar Geografický ústav AV ČR  |w 002014653  |u 000010  |a 1  |e BOA001  |j MZK50  |s P